[Event "IOM Open-Masters 2017"]
[Site "Douglas"]
[Date "2017.09.25"]
[Round "3"]
[White "Kjartansson, Gudmundur"]
[Black "Paul, Johannes"]
[Result "1-0"]
[WhiteElo "2456"]
[BlackElo "2335"]
[Annotator "TA"]
[PlyCount "73"]
[EventDate "2017.??.??"]
[EventType "swiss"]
[EventCountry "GBR"]
[SourceTitle "playchess.com"]
[Source "ChessBase"]
[SourceQuality "1"]

{[%evp 9,73,2,-6,-14,-9,-14,4,6,15,22,16,16,22,20,36,9,21,-5,64,64,70,15,28,24,30,0,21,10,32,17,61,47,50,58,37,45,102,83,95,91,97,89,205,206,174,135,190,216,295,285,349,339,996,866,989,973,987,979,953,900,868,871,845,836,758,642]} 1. d4 Nf6 2. Nf3 e6 3. g3 b5 4. Bg5 Bb7 5. Nbd2 Be7 (5... d5 6. e3 a6 7. a4 b4 8. Nb3 Nbd7 9. Na5 Qc8 10. Bxf6 Nxf6 11. c4 dxc4 12. Nxb7 Qxb7 {1-0 (30) Giri,A (2771)-L'Ami,E (2614) Reykjavik 2017}) 6. Bxf6 {A46: Damenbauernspiele} Bxf6 7. e4 a6 8. c3 $146 {Die Stellung ist ausgeglichen.} ({Vorgänger:} 8. a4 b4 9. Bg2 a5 10. O-O d6 11. Re1 O-O {0-1 (40) Hoelzl,F (2327)-Zorko,J (2463) Austria 2016}) 8... Be7 9. b4 d6 10. a4 bxa4 11. Qxa4+ Nd7 12. Bg2 O-O 13. Rb1 e5 ({Günstiger ist} 13... c6 $11) 14. O-O $14 Bf6 15. d5 (15. Rfd1 $14) 15... a5 $11 16. bxa5 Nc5 17. Qa3 Ra7 18. Rfd1 Be7 19. Rb5 c6 20. Rxc5 $1 dxc5 21. Nc4 {[#] Und d6 würde nun gewinnen.} cxd5 22. exd5 e4 (22... Bd6 $14) 23. Nfe5 $36 {[%mdl 2048] Weiss hat starke Initiative.} f6 24. Ng4 {Droht stark d6.} Bd6 ({Nur nicht} 24... Bxd5 $2 25. Nge3 $18) 25. Nge3 {[%cal Bg4e3,Be3c4,Bc4e5,Be5c6][%mdl 32]} f5 (25... Ba6 $16 {ist eine bessere Verteidigung.}) 26. Nxd6 $18 Qxd6 27. Nc4 Qa6 (27... Qf6 $16) 28. Bf1 {[%cal Bg2f1,Bf1c4,Bc4g8][%mdl 32]} e3 29. fxe3 Rc8 30. Qb3 {[#] d6 ist eine echte Drohung.} Rd8 $2 (30... Kf8 31. Nb6 Qxa5 32. Nxc8 Bxc8) 31. d6 {Und weiter mit Se5+ wäre nett.Weiß steht klar auf Gewinn.} Kf8 32. Ne5 {[%csl Ge5][%cal Rb3f7]} c4 33. Bxc4 Qxa5 34. Bg8 {[%csl Ge5,Gg8][%cal Rb3f7]} Bd5 35. Rxd5 Qa2 36. Qxa2 Rxa2 37. Nc6 {Precision: Weiß = 73%, Schwarz = 31%.} 1-0

[Event "IOM Open-Masters 2017"]
[Site "Douglas"]
[Date "2017.09.25"]
[Round "3"]
[White "Paehtz, Elisabeth"]
[Black "Oyama, Akito"]
[Result "1-0"]
[WhiteElo "2453"]
[BlackElo "2198"]
[Annotator "TA"]
[PlyCount "69"]
[EventDate "2017.??.??"]
[EventType "swiss"]
[EventCountry "GBR"]
[SourceTitle "playchess.com"]
[Source "ChessBase"]
[SourceQuality "1"]

{[%evp 25,69,-27,-26,-39,-20,-21,0,0,0,-15,-10,-8,-2,-12,-2,0,9,5,143,125,167,179,299,268,271,260,258,285,272,262,446,426,667,661,620,502,473,457,635,618,1322,1333,1313,1225,1080,995]} 1. d4 Nf6 2. c4 e6 3. Nc3 Bb4 4. e3 O-O 5. Bd3 d5 6. Nge2 c5 7. cxd5 cxd4 8. exd4 Nxd5 9. O-O Nc6 10. Bc2 Re8 11. Qd3 g6 12. a3 Bf8 13. Rd1 Bg7 {LiveBook: 7 Games. E48: Nimzo-Indian: Rubinstein: 5 Bd3 d5 including 6 Ne2, but excluding 6 a3} 14. Qg3 $146 ({Predecessor:} 14. Bb3 Nxc3 15. bxc3 Na5 16. Ba2 Bd7 17. Be3 Ba4 18. Rd2 Rc8 19. c4 e5 20. Rc1 exd4 21. Nxd4 {1-0 (66) Fenollar Jorda,M (2397)-Zoler,D (2538) Benasque 2013}) 14... Nce7 15. Bg5 a6 {The position is equal.} 16. Nxd5 exd5 17. Nc3 Be6 18. Qf4 Qb8 19. Qf3 b5 20. h3 Qa7 21. Bf6 Bf5 (21... Rac8 $11 {remains equal.}) 22. Bxf5 $16 Nxf5 23. Nxd5 {Strongly threatening g4.} Re6 (23... Kf8 $142 24. a4 Qb7 25. axb5 axb5) 24. Bxg7 $18 Kxg7 {[#]} 25. Nc7 $1 {[%cal Rc7a8][%mdl 512]} Qxc7 26. Qxa8 Re2 27. Rac1 ({Don't do} 27. Qxa6 $6 Qf4 $18) 27... Qe7 $2 (27... Rc2 {is a better defense.} 28. Rxc2 Qxc2) 28. Qf3 {White is clearly winning.} Rxb2 (28... Re4 $142 29. Qc3 Kg8) 29. d5 Ra2 30. Qc3+ Kh6 31. Ra1 Re2 32. Re1 Kg5 33. Rxe2 Qxe2 {[#]} 34. d6 $1 Nxd6 35. Qg3+ {Precision: White = 72%, Black = 18%.} 1-0

[Event "IOM Open-Masters 2017"]
[Site "Douglas"]
[Date "2017.09.25"]
[Round "3"]
[White "Neelotpal, Das"]
[Black "Jessel, Stephen"]
[Result "1-0"]
[WhiteElo "2448"]
[BlackElo "2334"]
[Annotator "TA"]
[PlyCount "69"]
[EventDate "2017.??.??"]
[EventType "swiss"]
[EventCountry "GBR"]
[SourceTitle "playchess.com"]
[Source "ChessBase"]
[SourceQuality "1"]

{[%evp 9,69,16,13,-17,8,-13,-4,-47,-14,-8,29,-52,78,88,90,88,170,152,167,158,215,164,170,158,151,165,191,195,170,162,163,153,170,164,197,181,238,233,217,221,212,176,290,297,375,375,398,392,531,528,522,510,625,613,889,712,29987,29988,29995,29996,29996,29997]} 1. c4 b6 2. Nf3 Bb7 3. b3 (3. Nc3 Nf6 4. g3 e6 5. Bg2 Bb4 6. Qc2 O-O 7. O-O c5 8. a3 Bxc3 9. Qxc3 d5 10. cxd5 Nxd5 11. Qc2 Nc6 12. b3 e5 13. Bb2 Re8 14. e3 Nf6 15. d3 Qd7 16. Rfd1 Rad8 17. Rac1 h6 18. h3 Ba8 19. Bc3 {½-½ (43) Wojtaszek,R (2749)-Ponomariov,R (2709) Tallinn 2016}) 3... e6 4. Bb2 f5 5. d3 Nf6 6. Nbd2 {A10: English Opening: Unusual Replies for Black} Be7 7. Qc2 O-O 8. h3 $146 {The position is equal.} ({Predecessor:} 8. e4 fxe4 9. dxe4 Na6 10. Bxf6 Nb4 11. Qc3 Rxf6 {0-1 (39) Barlag,C (2155)-Hoeffer,D (2214) Germany 2012}) 8... Qe8 9. g4 {[%cal Bg2g4,Bg4g5][%mdl 32]} f4 10. h4 (10. Rg1 $11) 10... d6 (10... Nxg4 $15 {stays ahead.} 11. Rg1 Nf6) 11. g5 $16 {Bh3 is the strong threat.} Nh5 12. d4 $36 {[%mdl 2048] White is on the roll.} c5 {[#]} (12... Nc6 $16) 13. Bh3 $1 $18 {[%cal Rh3e6]} Bd8 14. Rg1 Nc6 (14... Bc7 $16 15. Bg4 Nc6) 15. O-O-O cxd4 16. Nxd4 Nxd4 17. Bxd4 e5 {[#]} 18. Bb2 $1 Bc7 19. Bf5 g6 20. Be4 Bc6 21. Kb1 Bd7 22. Bd5+ Kh8 (22... Be6 {was called for.} 23. Bxa8 Qxa8) 23. Bxa8 Qxa8 24. Ka1 Bf5 25. Qc1 Rc8 (25... a5 {is a better defense.} 26. Nb1 a4) 26. Nb1 {[%cal Bd2b1,Bb1c3,Bc3b5][%mdl 32]} b5 27. Nc3 bxc4 28. Nb5 Bb8 29. Nxd6 Bxd6 30. Rxd6 cxb3 31. Qd2 bxa2 32. Rd1 Kg8 33. Qa5 {White mates.} Qe4 34. Rd8+ Kf7 35. Qxa7+ {Precision: White = 75%, Black = 17%.} 1-0

[Event "IOM Open-Masters 2017"]
[Site "Douglas"]
[Date "2017.09.25"]
[Round "3"]
[White "Yankelevich, Lev"]
[Black "Rathnakaran, K."]
[Result "0-1"]
[WhiteElo "2443"]
[BlackElo "2326"]
[Annotator "TA"]
[PlyCount "42"]
[EventDate "2017.??.??"]
[EventType "swiss"]
[EventCountry "GBR"]
[SourceTitle "playchess.com"]
[Source "ChessBase"]
[SourceQuality "1"]

{[%evp 23,42,88,96,71,73,70,90,79,78,81,85,0,79,87,106,-732,-721,-29993,-29994,-29994,-29995]} 1. d4 Nf6 2. c4 g6 3. Nc3 Bg7 4. e4 d6 5. Be2 O-O 6. Be3 e5 7. d5 Na6 8. g4 {E73: King's Indian: Averbakh Variation without 6...c5} Nc5 9. f3 a5 10. h4 h5 11. g5 Nh7 12. Qd2 f6 {LiveBook: 4 Games} 13. gxf6 {[#]} Bxf6 $146 ({Predecessor:} 13... Rxf6 14. O-O-O Qf8 15. Nh3 a4 16. Rdg1 {½-½ (47) Peralta,F (2540)-Forcen Esteban,D (2535) Linares 2017}) 14. Bf2 ({Inferior is} 14. Bxc5 dxc5 15. O-O-O Bxh4 $17) 14... a4 15. O-O-O Bd7 16. Qh6 Be8 17. Qd2 ({White should play} 17. Nh3 $16) 17... Kh8 (17... Bd7 $1 $11) 18. Kb1 $16 Ra6 19. Ka1 $2 {[%mdl 8192] [#]} (19. Bf1 $16) 19... Nb3+ $1 $19 {[%mdl 512]} 20. axb3 axb3+ 21. Kb1 Qa8 {Precision: White = 36%, Black = 48%.} 0-1

[Event "IOM Open-Masters 2017"]
[Site "Douglas"]
[Date "2017.09.25"]
[Round "3"]
[White "Shvayger, Yuliya"]
[Black "Heimisson, Hilmir Freyr"]
[Result "1-0"]
[WhiteElo "2442"]
[BlackElo "2185"]
[Annotator "TA"]
[PlyCount "75"]
[EventDate "2017.??.??"]
[EventType "swiss"]
[EventCountry "GBR"]
[SourceTitle "playchess.com"]
[Source "ChessBase"]
[SourceQuality "1"]

{[%evp 20,75,1,-11,-13,-14,-21,-10,0,-24,-19,-8,0,0,0,-26,84,87,91,39,91,0,0,0,59,59,73,28,343,102,296,325,463,540,739,727,1352,1272,1465,1482,1606,841,1028,824,802,800,781,772,706,647,2077,1948,2058,1352,29990,29991,29991,29992]} 1. e4 c5 2. Nf3 d6 3. d4 cxd4 4. Nxd4 Nf6 5. Nc3 a6 6. f4 e6 7. Bd3 Nbd7 {[%cal Bb8d7,Bd7c5,Bc5d3][%mdl 32]} 8. O-O b5 {B82: Sicilian Scheveningen: 6 f4} 9. Nf3 (9. a3 Bb7 10. Kh1 g6 11. Be3 Bg7 12. Bxb5 axb5 13. Ndxb5 O-O 14. Nxd6 Bc6 15. e5 Ne8 16. Nce4 {0-1 (35) Friedel,J (2508)-Van Wely,L (2676) Berkeley 2011}) 9... Nc5 10. Qe1 Bb7 11. a3 {LiveBook: 3 Games} Rc8 12. Kh1 Be7 13. Bd2 h6 $146 ({Predecessor:} 13... d5 14. exd5 Nxd5 15. Rd1 Nxd3 16. cxd3 O-O 17. Nxd5 Qxd5 18. Bc3 Rfd8 {0-1 (54) Mikulas,D (2073)-Sahidi,S (2026) Slovakia 2015}) 14. e5 Nxd3 15. cxd3 dxe5 16. fxe5 Nd5 17. Qg3 g5 {[#]} (17... Nxc3 $11 18. Qxg7 Rf8 19. Bxc3 Qxd3) 18. Ne4 $1 $16 Rc2 19. Rae1 ({Better is} 19. Nd6+ $16 Bxd6 20. exd6) 19... Rf8 (19... Qb6 $14) 20. Bc1 ({White should play} 20. Nd6+ $16 Bxd6 21. exd6) 20... Nb6 $11 21. Rd1 Rc8 (21... Na4 $1 $11) 22. Qh3 Qc7 23. Bd2 {And now Ba5 would win.} Nd5 $2 {[%mdl 8192]} (23... Bxe4 $11 24. dxe4 Nc4) 24. Rde1 $2 (24. Qxh6 g4 $16) (24. Rc1 $18 Qb8 25. Rxc8+ (25. Qxh6 Rxc1 26. Bxc1 g4 $11) 25... Bxc8 26. Qxh6) 24... Qb6 $2 (24... Nf4 $16 {is a better defense.} 25. Bxf4 (25. Qxh6 Bxe4 26. Rxe4 Nxd3 $16) 25... gxf4) 25. Qxh6 $18 g4 (25... Kd7 {was necessary.} 26. Nfxg5 Rh8) 26. Nfg5 Rc2 {[#] If Black can now play ...Rxd2 this consolidates a bit.} 27. Nxf7 $1 {[%mdl 512] Nfd6+ is the strong threat.} Rxf7 28. Rxf7 Rxd2 {[#]} 29. Rxe7+ $1 {[%mdl 512]} Nxe7 30. Qxd2 Nf5 31. Nd6+ Nxd6 32. exd6 Qxd6 {[%mdl 4096] Endgame KQR-KQB} 33. Qe2 Bd5 34. Qxg4 Qc6 35. Rf1 Ke7 36. b4 Qc2 37. Qg7+ Kd6 38. Qf8+ {Precision: White = 56%, Black = 30%.} 1-0

[Event "IOM Open-Masters 2017"]
[Site "Douglas"]
[Date "2017.09.25"]
[Round "3"]
[White "Trent, Lawrence"]
[Black "Zwahr, Paul"]
[Result "1-0"]
[WhiteElo "2427"]
[BlackElo "2306"]
[Annotator "TA"]
[PlyCount "89"]
[EventDate "2017.??.??"]
[EventType "swiss"]
[EventCountry "GBR"]
[SourceTitle "playchess.com"]
[Source "ChessBase"]
[SourceQuality "1"]

{[%evp 9,89,0,5,0,0,0,0,-37,-16,-11,-19,-19,21,0,16,-31,-42,-53,-67,-67,-64,-49,-32,-44,0,0,0,4,4,4,4,2,5,13,9,0,0,0,0,0,0,0,0,0,0,-87,-30,-71,-85,-95,0,0,0,0,23,0,13,0,255,256,339,327,312,215,209,165,227,79,66,66,77,29,68,62,67,67,527,527,521,498,4710,597]} 1. c4 e5 2. d3 Nf6 3. Nf3 Nc6 4. Nc3 g6 5. Bg5 (5. g3 Bg7 6. Bg2 O-O 7. O-O d6 8. Rb1 Be6 9. b4 Qc8 10. b5 Nd4 11. Ng5 Bg4 12. h3 Bd7 13. e3 Ne6 14. Nxe6 Bxe6 15. Kh2 Nd7 16. a4 f5 {1-0 (59) Timofeev,A (2601)-Romanov,E (2619) Sochi 2016}) 5... Bg7 6. g3 {A28: Englische Eröffnung (Vierspringer-Variante)} h6 7. Bd2 $146 ({Vorgänger:} 7. Bxf6 Bxf6 8. Bg2 d6 9. O-O O-O 10. Rb1 Bg7 11. b4 Be6 12. Nd5 Ne7 13. Nd2 c6 14. Nxe7+ Qxe7 15. b5 c5 16. Ne4 Rae8 17. Nc3 b6 18. Nd5 Qd8 {½-½ (30) Kropff,R (2298)-Valiente,C (2234) Asuncion 2009}) 7... O-O 8. h4 {Die Stellung ist ausgeglichen.} d5 9. cxd5 Nxd5 10. Bg2 Be6 11. Ne4 Qe7 12. Rc1 Rad8 13. a3 f5 14. Nc5 e4 $1 {[%cal Re4f3]} 15. dxe4 fxe4 16. Nxe4 Bxb2 (16... Bg4 $5 {[%cal Re7e4]} 17. Qa4 Rfe8 $17) 17. O-O Bg7 18. Nc5 {[#]} Nc3 $1 $132 {[%cal Rc3d1][%mdl 2560] Schwarz is not keeping still} 19. Qe1 (19. Rxc3 Bxc3) 19... Qxc5 20. Bxc3 Qxa3 21. Bxg7 Kxg7 22. Ra1 Qc5 23. Qb1 b5 24. Qb2+ Kh7 25. Rac1 Bc4 26. Nd2 Ne5 27. Ne4 (27. Be4 $11 {bleibt in der Remisbreite.}) 27... Qd4 ({Günstiger ist} 27... Qe7 $17 28. Ra1 Qg7) 28. Qa3 Rf7 29. Rc2 {Weiss will Td2 spielen.} Rdf8 (29... Qb6 $17 30. Qc5 Nc6 31. Rxc4 bxc4 32. Qxc4 Ne5) 30. Rd2 $11 Qb6 31. Ra1 $1 Rxf2 32. Nxf2 Qxf2+ ({Ein No Go ist} 32... Rxf2 $6 33. Qxa7 Qxa7 34. Rxa7 $16) 33. Kh1 {Und De7+ würde nun gewinnen.} b4 $2 {[%mdl 8192]} (33... Rf7 $11 34. Qc3 Qf5) 34. Qxb4 $18 Rf7 35. Qc3 Re7 36. Rf1 {[%cal Ba1f1,Bf1f4,Bf4h4][%mdl 32]} Qb6 37. h5 Qe6 (37... Qb3 $142 38. hxg6+ Kg7 39. Qxb3 (39. Qd4 Qxg3 40. Rf3 Qg5 $16) 39... Bxb3) 38. Be4 (38. Rd8 $18 {bietet bessere Gewinnchancen.}) 38... Qh3+ $16 39. Kg1 Qxh5 40. Qa3 c5 41. Rf4 Bxe2 42. Qe3 Bc4 $2 {[%mdl 8192]} ({Besser ist} 42... Nf3+ $1 $14 43. Rxf3 Qxf3 44. Qxf3 (44. Bxf3 Rxe3 45. Bxe2 Rxg3+ 46. Kf2 Ra3 $14) (44. Rxe2 Qxe3+ 45. Rxe3 Kg7 $14) 44... Bxf3 45. Bxf3 a5) 43. Rh4 $18 {Weiß steht klar auf Gewinn.} Nf3+ 44. Qxf3 Qg5 {[#]} (44... Qxf3 $142 45. Bxf3 Bf7) 45. Qf4 {Precision: Weiß = 52%, Schwarz = 42%.} (45. Rg4 $142 $3 {[%mdl 512]} Rf7 46. Rxg5 Rxf3 47. Rxc5) 1-0

[Event "IOM Open-Masters 2017"]
[Site "Douglas"]
[Date "2017.09.25"]
[Round "3"]
[White "Sundararajan, Kidambi"]
[Black "Rudolf, Anna"]
[Result "1/2-1/2"]
[WhiteElo "2426"]
[BlackElo "2286"]
[Annotator "TA"]
[PlyCount "125"]
[EventDate "2017.??.??"]
[EventType "swiss"]
[EventCountry "GBR"]
[SourceTitle "playchess.com"]
[Source "ChessBase"]
[SourceQuality "1"]

{[%evp 19,125,29,51,30,36,22,27,43,36,29,88,48,70,60,82,35,42,37,48,61,82,69,97,70,69,63,71,16,6,5,12,5,8,6,8,12,8,6,16,16,16,13,29,29,35,35,35,35,35,35,35,11,29,29,29,29,29,29,29,29,29,29,29,29,29,22,22,2,5,6,13,0,0,0,0,0,0,0,0,0,0,0,0,0,0,0,0,0,0,0,0,0,0,0,29982,0,0,0,0,0,0,0,0,0,0,0,0,-8]} 1. c4 Nf6 2. Nf3 e6 3. g3 d5 4. Bg2 dxc4 5. Qa4+ Nbd7 6. Qxc4 a6 7. Qc2 Bd6 8. O-O O-O 9. d4 c5 {A13: English Opening: 1...e6} 10. dxc5 Bxc5 {LiveBook: 3 Games} 11. Bf4 Qe7 {White has an edge.} 12. Nc3 e5 $146 ({Predecessor:} 12... Bd6 13. Bxd6 Qxd6 14. Rfd1 Qc7 15. Rac1 b5 16. Nd5 Qxc2 {1-0 (62) Eingorn,V (2547)-Stephan,V (2324) Cappelle-la-Grande 2013}) 13. Bg5 Qe6 14. Rad1 Rb8 (14... h6 $11 {keeps the balance.}) 15. Nd2 b6 16. Nde4 Bb7 17. Nxf6+ Nxf6 18. Bxb7 Rxb7 19. Bxf6 gxf6 20. Qe4 Rbb8 21. Rd5 Rfd8 22. Rfd1 Rxd5 23. Qxd5 ({White should try} 23. Nxd5 $16 f5 24. Qh4) 23... Bd4 $11 24. e3 Bxc3 $1 25. bxc3 Qxd5 26. Rxd5 {[%mdl 4096] Endgame KR-KR} Rc8 27. Rd6 Rxc3 28. Rxf6 Ra3 29. Rxb6 Rxa2 30. Kg2 Kg7 31. g4 h6 32. Kg3 a5 {[%cal Ba6a5,Ba5a4][%mdl 32]} 33. Ra6 a4 34. h4 a3 35. Kf3 Ra1 36. Ke4 a2 $1 37. Kxe5 {Black must now prevent Kf5.} Rg1 $1 38. Rxa2 Rxg4 39. f4 {Threatens to win with h5.} Rxh4 40. Rg2+ Kf8 41. Kf6 {[#] Strongly threatening Rg7.} Rh3 42. Re2 Rg3 43. f5 Rf3 44. Re1 Rg3 45. Ra1 {[%cal Ra1a8] [#]} (45. e4 {keeps more tension.} Ra3 46. Rg1 Ra6+ 47. Ke5 Ra5+ 48. Kf4) 45... Rxe3 46. Ra7 h5 47. Rxf7+ Kg8 $1 48. Rg7+ Kh8 49. Rg5 Rh3 50. Kf7 Kh7 51. f6 Kh6 52. Rg6+ Kh7 53. Rg7+ Kh6 54. Kg8 {f7 would kill now.} Rf3 55. f7 h4 {[%cal Bh5h4,Bh4h3][%mdl 32]} 56. f8=Q Rxf8+ 57. Kxf8 {KR-KP} Kh5 {The position is equal.} 58. Kf7 h3 59. Kf6 {Threatening mate with Kf5.} Kh4 60. Kf5 {Intending Kf4 and mate.} h2 61. Kf4 {[%cal Rg7h7]} Kh3 62. Rh7+ Kg2 63. Rxh2+ {Precision: White = 69%, Black = 65%.} 1/2-1/2

[Event "IOM Open-Masters 2017"]
[Site "Douglas"]
[Date "2017.09.25"]
[Round "3"]
[White "Zatonskih, Anna"]
[Black "Babar, Michael"]
[Result "1-0"]
[WhiteElo "2424"]
[BlackElo "2130"]
[Annotator "TA"]
[PlyCount "63"]
[EventDate "2017.??.??"]
[EventType "swiss"]
[EventCountry "GBR"]
[SourceTitle "playchess.com"]
[Source "ChessBase"]
[SourceQuality "1"]

{[%evp 12,63,40,38,51,44,52,50,88,85,130,90,120,97,126,121,127,110,193,161,219,203,237,219,218,179,251,241,284,272,268,230,225,209,213,225,225,209,209,209,545,533,1074,1077,1098,1056,1035,727,1225,913,894,879,29976,1367]} 1. d4 b6 2. e4 Bb7 3. Bd3 e6 4. Nf3 d5 5. e5 c5 6. c3 {B00: Queen's Fianchetto Defence, Nimzowitsch Defence} Ne7 7. O-O {LiveBook: 4 Games} Qd7 8. Re1 {White is slightly better.} (8. Qe2 Nec6 9. Rd1 a5 10. a4 Ba6 11. Na3 Bxd3 12. Qxd3 cxd4 13. cxd4 Nb4 {0-1 (54) Caruana,F (2787)-Nakamura,H (2793) Saint Louis 2015}) 8... Nec6 9. Nbd2 {[%cal Bb1d2,Bd2f1,Bf1g3,Bg3e2,Be2f4][%mdl 32]} c4 $146 ({Predecessor:} 9... Na6 10. Nf1 Nc7 11. Ng3 f5 12. exf6 gxf6 13. Bf4 O-O-O {½-½ (41) Makka,I (2126)-Pambalou,F (2104) Athens 2011}) 10. Bc2 b5 11. b3 Be7 12. Nf1 h6 13. Ng3 g6 14. h4 h5 (14... Qc7 $16) 15. Ne2 Kd8 (15... Na6 $142 16. Bg5 Nc7) 16. Bg5 $18 Kc7 17. Qd2 Qe8 18. Nf4 Bxg5 (18... Ba3 $142 19. bxc4 bxc4) 19. Nxg5 Nd8 20. a4 a6 21. axb5 axb5 22. Rxa8 Bxa8 23. bxc4 bxc4 24. Qc1 Bb7 25. Qb2 Qc6 $2 (25... Qd7 {is a better chance.} 26. Rb1 Kc8) 26. Rb1 Nd7 {[#]} 27. Nxf7 $1 {[%mdl 512]} Nxf7 {[#]} 28. Ba4 $1 {[%mdl 512]} Qa6 (28... Qxa4 29. Nxe6+) 29. Bxd7 Nd8 30. Nxe6+ Nxe6 31. Bxe6 Ra8 32. Qxb7+ {Precision: White = 72%, Black = 31%.} (32. Qb4 $142 Qc6 33. Qe7+ Kb8 34. Bd7 Qc7 35. Qf8+ Ka7 36. Ra1+ Ba6 37. Rxa6+ Kxa6 38. Qxa8+ Kb6 39. Qxd5) 1-0

[Event "IOM Open-Masters 2017"]
[Site "Douglas"]
[Date "2017.09.25"]
[Round "3"]
[White "Rakesh, Kumar Jena"]
[Black "Mai, Aron Thor"]
[Result "1/2-1/2"]
[WhiteElo "2418"]
[BlackElo "2038"]
[Annotator "TA"]
[PlyCount "48"]
[EventDate "2017.??.??"]
[EventType "swiss"]
[EventCountry "GBR"]
[SourceTitle "playchess.com"]
[Source "ChessBase"]
[SourceQuality "1"]

{[%evp 19,48,18,31,-18,-16,-35,-20,-28,-16,-88,-66,-85,-68,-68,-64,-105,-94,-243,-249,-284,-267,-309,-302,-417,-388,-541,-527,-410,0,-285,0]} 1. e4 c6 2. Nc3 d5 3. Nf3 Nf6 4. e5 Ne4 5. Ne2 Qb6 6. d4 {B11: Caro-Kann: Two Knights Variation} e6 7. Nfg1 (7. Ng3 c5 8. Bd3 Nc6 9. Nxe4 dxe4 10. Bxe4 cxd4 11. O-O Bd7 12. a3 h6 13. Re1 {1-0 (71) Short,N (2675)-Caruana,F (2827) Caleta 2017}) 7... f6 8. f3 Ng5 9. exf6 gxf6 10. f4 Ne4 {LiveBook: 15 Games} 11. Nf3 $146 ({Predecessor:} 11. Ng3 Bd7 12. Nf3 c5 13. Bd3 Nxg3 14. hxg3 {0-1 (40) Baskin,R (2402)-Michalik,P (2554) Germany 2017}) 11... c5 {[%cal Bc6c5,Bc5d4][%mdl 32]} 12. Ng3 Nxg3 13. hxg3 Nc6 {[%cal Rc5d4]} 14. Bd3 (14. c3 $11 {keeps the balance.}) 14... Bd7 $17 15. Bg6+ hxg6 16. Rxh8 cxd4 17. a3 O-O-O {[#] White must now prevent ...Bb4+!} 18. Rh7 (18. Kf1 $17) 18... e5 $19 19. fxe5 fxe5 20. Nh4 Bd6 21. Bg5 Rf8 22. Bh6 Rf6 23. Bg5 Rf8 {[#] Hoping for ...d3.} 24. Bh6 $1 {[%cal Rh6f8]} Rf6 $2 {Precision: White = 25%, Black = 88%.} ({Black should try} 24... Rg8 $19 25. Rxd7 Kxd7) 1/2-1/2

[Event "IOM Open-Masters 2017"]
[Site "Douglas"]
[Date "2017.09.25"]
[Round "3"]
[White "Tarjan, James"]
[Black "Kramnik, Vladimir"]
[Result "1-0"]
[WhiteElo "2412"]
[BlackElo "2803"]
[Annotator "TA"]
[PlyCount "111"]
[EventDate "2017.??.??"]
[EventType "swiss"]
[EventCountry "GBR"]

{[%evp 23,111,-22,0,0,0,-6,0,-25,0,-14,0,0,0,-14,-9,-41,-17,-22,-20,-39,-56,-47,22,-41,-60,-60,-33,-63,0,-27,-4,-69,-60,-64,-53,-84,-87,-71,0,0,239,177,178,202,310,245,287,277,283,272,282,275,275,270,306,290,368,360,356,356,406,396,475,451,543,389,560,558,489,538,652,649,644,648,647,640,631,641,718,674,1447,1436,5696,5490,6774,7418,4779,4775,29975,29974]} 1. c4 Nf6 2. g3 c6 3. Nf3 d5 4. b3 Bg4 5. Bg2 e6 6. O-O Nbd7 7. Bb2 Bd6 8. d3 O-O 9. Nbd2 Re8 10. h3 Bh5 11. Re1 a5 12. a3 e5 {LiveBook: 3 Partien. A12: Reti-Eröffnung (New-Yorker-System)} 13. cxd5 (13. e4 dxe4 14. Nxe4 Nxe4 15. dxe4 Bc5 16. Qc2 Bxf3 17. Bxf3 Qg5 18. Kg2 Nf8 {½-½ (44) Janzelj,T (2391)-Skoberne,J (2541) Maribor 2017}) 13... cxd5 14. Nh4 Nc5 $146 {[%cal Bd7c5,Bc5e6,Be6d4][%mdl 32] Die Stellung ist ausgeglichen.} ({Vorgänger:} 14... Bc5 15. Rc1 Qb6 16. Rf1 Rad8 17. Nb1 e4 18. d4 Bd6 19. Nc3 Bb8 20. Nf5 {½-½ (47) Hamdouchi,A (2297)-Ionescu Brandis,I (2354) Romania 2001}) 15. Qc2 Ne6 16. Rac1 Nd4 17. Qd1 Nb5 18. Nb1 Qd7 19. Kh2 Ra6 20. Nf3 e4 21. dxe4 $1 Nxe4 22. Rf1 Bb8 ({Besser ist} 22... Rc6 $15) 23. Nc3 (23. a4 $11) 23... Nbxc3 $15 24. Bxc3 Rae6 (24... Rg6 {feels hotter.} 25. Be1 Ba7 26. e3 Bb6 27. Qd3 Rc6) 25. Be1 h6 (25... Rh6 $15) 26. Rc2 Ba7 27. Qc1 (27. Nd4 $11) 27... Bb6 28. e3 Qb5 {[#] Droht ...Lxf3 und aus.} 29. Nd4 Bxd4 $1 30. exd4 Bf3 (30... b6 $17 31. b4 Be2) 31. Bxf3 $11 {Schwarz muss nun Lg2 beachten.} Nxg3 $2 (31... Qxf1 $11 32. Be2 {[#]} Nxg3 $1 {[%mdl 512]} 33. Bxf1 Nxf1+ 34. Kg2 Rxe1) 32. fxg3 {[%cal Bf2g3,Bg3g4][%mdl 32]} Qxf1 33. Bf2 Qd3 (33... Qxc1 $142 34. Rxc1 Rc6) 34. Rc3 Qf5 35. Kg2 Rf6 36. Qc2 Qd7 37. g4 Rc6 38. Rc5 Rd8 39. Qf5 Rxc5 40. Qxd7 ({Nicht} 40. dxc5 Qe6 $18) 40... Rxd7 41. dxc5 d4 42. Kf1 d3 43. Ke1 d2+ 44. Kd1 Kf8 (44... f6 $142 45. b4 axb4 46. axb4 Kf7) 45. Bg3 $18 Ke7 46. Bd6+ Ke6 47. Kxd2 b6 {Und ...bxc5 würde nun gewinnen.} 48. Ke3 bxc5 49. Bxc5 Rd8 50. b4 axb4 51. axb4 {[%cal Ba3b4,Bb4b5,Bb5b6,Bb6b7][%mdl 32]} f5 52. b5 fxg4 53. hxg4 g6 54. b6 h5 55. g5 Kd7 56. b7 {Precision: Weiß = 69%, Schwarz = 26%.} 1-0